000 00680nam a2200205 a 4500
999 _c2482
_d2482
001 2482
003 BD-JhCC
005 20180419125831.0
008 171102s1994 bg ||||| |||| 00| 0 ben d
035 _a(BD-JhCC)
040 _aBD-JhCC
_dBD-JhCC
041 _aben
082 _a720.9549209
_bBIS 1994
100 _aবিশ্বাস, সুকুমার
245 _aবাংলাদেশের পুরাকীর্তি /
_cসুকুমার বিশ্বাস
260 _aঢাকা :
_bবাংলা একাডেমী ;
_c১৯৯৪
300 _a৪৮ পৃ. ;
_c২২ সেমি
650 _aArchitecture
_zBangladesh
942 _2ddc
_cBK